Statistiques concernant Les pays avec les dirigeants les plus jeunes

Cliquez ici pour prendre le quiz!

Statistiques générales

  • Ce quiz a été pris 86 fois
  • Le résultat moyen est 5 sur 9

Statistiques - réponses

Dirigeant Âge Pays % Correct
Emmanuel Macron39 ansFrance
97%
Kim Jong-Un34 ansCorée du Nord
94%
Andrzej Duda45 ansPologne
49%
Vanessa d'Ambrosio29 ansSaint-Marin
45%
Tamim ben Hamad37 ansQatar
42%
Joseph Kabila46 ansRépublique démocratique du Congo
37%
Jigme Khesar Namgyel Wangchuck37 ansBhoutan
32%
Kersti Kaljulaid47 ansEstonie
31%
Igor Dodon42 ansMoldavie
27%

Distribution des résultats

Percentile by Number Answered

% des personnes avec chaque résultat

Votre développement - résultats

Vous n’avez pas pris ce quiz